CLASSROOM ASSESSMNENT (Record no. 18423)

MARC details
000 -LEADER
fixed length control field 00391nam a22001697a 4500
003 - CONTROL NUMBER IDENTIFIER
control field OSt
005 - DATE AND TIME OF LATEST TRANSACTION
control field 20211116102843.0
008 - FIXED-LENGTH DATA ELEMENTS--GENERAL INFORMATION
fixed length control field 211116b |||||||| |||| 00| 0 eng d
020 ## - INTERNATIONAL STANDARD BOOK NUMBER
International Standard Book Number 08085836020
040 ## - CATALOGING SOURCE
Transcribing agency HU
082 ## - DEWEY DECIMAL CLASSIFICATION NUMBER
Classification number 371.264/AND
100 ## - MAIN ENTRY--PERSONAL NAME
Personal name LORINW.ANDERSON
9 (RLIN) 18575
245 ## - TITLE STATEMENT
Title CLASSROOM ASSESSMNENT
260 ## - PUBLICATION, DISTRIBUTION, ETC.
Place of publication, distribution, etc. LONDON
Name of publisher, distributor, etc. HALL
Date of publication, distribution, etc. 2003
300 ## - PHYSICAL DESCRIPTION
Extent 180P
942 ## - ADDED ENTRY ELEMENTS (KOHA)
Source of classification or shelving scheme Dewey Decimal Classification
Koha item type Books like text book referance book
Suppress in OPAC No
Holdings
Withdrawn status Lost status Source of classification or shelving scheme Damaged status Not for loan Home library Current library Shelving location Date acquired Total Checkouts Full call number Barcode Date last seen Copy number Price effective from Koha item type
    Dewey Decimal Classification     Social Library Social Library General Stacks 11/16/2021   371.264/AND SHLIB000003673 11/16/2021 1 11/16/2021 Books like text book referance book
    Dewey Decimal Classification     Social Library Social Library   11/16/2021   371.264/AND SHLIB000003674 11/16/2021 2 11/16/2021 Books like text book referance book